Statystyki dla Państwa na literę B

Kliknij tutaj aby rozwiązać quiz!

Ogólne statystyki

  • Ten quiz został rozwiązany 124 razy
  • Średni wynik to 12 z 17

Odpowiedzi na mapie

Odpowiedzi skodowane kolorowo w zielono-czerwonej skali na mapie do tego quizu, zgodnie z poniższymi procentami.
 

Statystyki odpowiedzi

Kraj% Poprawnych
Brazylia
88%
Belgia
84%
Bułgaria
84%
Barbados
78%
Bangladesz
75%
Bośnia i Hercegowina
75%
Bahamy
72%
Boliwia
72%
Białoruś
69%
Belize
66%
Botswana
66%
Bhutan
63%
Brunei
59%
Benin
56%
Burkina Faso
56%
Burundi
56%
Bahrajn
50%

Rozkład punktacji

Percentyl według liczby udzielonych odpowiedzi

Procent ludzi z każdym wynikiem

Twoja historia wyników

Nie rozwiązałeś tego quizu